Biophotonics : (Record no. 171964)

MARC details
000 -LEADER
fixed length control field 00905cam a2200277 i 4500
001 - CONTROL NUMBER
control field 1345680173
003 - CONTROL NUMBER IDENTIFIER
control field OCoLC
005 - DATE AND TIME OF LATEST TRANSACTION
control field 20250618081650.0
008 - FIXED-LENGTH DATA ELEMENTS--GENERAL INFORMATION
fixed length control field 220926s2022 si a ob 001 0 eng d
020 ## - INTERNATIONAL STANDARD BOOK NUMBER
International Standard Book Number 9789811934810 (hardcover)
024 7# - OTHER STANDARD IDENTIFIER
Standard number or code 10.1007/978-981-19-3482-7
040 ## - CATALOGING SOURCE
Original cataloging agency GW5XE
Language of cataloging eng
Description conventions rda
Transcribing agency NUST
Modifying agency NUST
050 #4 - LIBRARY OF CONGRESS CALL NUMBER
Classification number QH515 KEI
100 1# - MAIN ENTRY--PERSONAL NAME
Personal name Keiser, Gerd,
Relator term Author.
245 10 - TITLE STATEMENT
Title Biophotonics :
Remainder of title concepts to applications /
Statement of responsibility, etc. Gerd Keiser
250 ## - EDITION STATEMENT
Edition statement Second edition
260 ## - PUBLICATION, DISTRIBUTION, ETC.
Place of publication, distribution, etc. Boston,
Name of publisher, distributor, etc. Springer,
Date of publication, distribution, etc. ©2022.
300 ## - PHYSICAL DESCRIPTION
Extent xxii, 397 pages :
Other physical details illustrations (some color)
Dimensions 26 cm
336 ## - CONTENT TYPE
Content type term text
Content type code txt
Source rdacontent
337 ## - MEDIA TYPE
Media type term unmediated
Media type code n
Source rdamedia
338 ## - CARRIER TYPE
Carrier type term volume
Carrier type code nc
Source rdacarrier
504 ## - BIBLIOGRAPHY, ETC. NOTE
Bibliography, etc. note Includes bibliographical references and index
650 #0 - SUBJECT ADDED ENTRY--TOPICAL TERM
Topical term or geographic name entry element Photobiology.
650 #0 - SUBJECT ADDED ENTRY--TOPICAL TERM
Topical term or geographic name entry element Photonics.
942 ## - ADDED ENTRY ELEMENTS (KOHA)
Source of classification or shelving scheme Library of Congress Classification
Suppress in OPAC No
Koha item type Ordinary Loan Books
Edition Second Edition
Classification part QH515 KEI
Call number prefix QH
Call number suffix KEI
Holdings
Withdrawn status Lost status Source of classification or shelving scheme Damaged status Not for loan Collection Home library Current library Shelving location Date acquired Source of acquisition Cost, normal purchase price Total Checkouts Full call number Barcode Date last seen Accession number Cost, replacement price Price effective from Koha item type Public note
    LCC     NFIC MAIN MAIN GEN 06/04/2025 Book Aid International 53.00   QH515 KEI 92004055000 06/04/2025 61737 53.00 06/04/2025 BOOKS Donation